Responses for Show #6857 - Tuesday, June 10, 2014

Contestants

[<< previous game]

Jason Raffile, a restaurant manager originally from Meriden, Connecticut

Cindy Summers, a pharmacist from Clarksville, Tennessee

Molly Lalonde, a pediatric nurse practitioner student from Nashville, Tennessee (whose 3-day cash winnings total $38,500)

[next game >>]

Jeopardy! Round responses

NEVADA
1990s HITMAKERS
A BITE IN BRITAIN
STAMPS
THE "OWL"
THE PUSSYCAT
    $200 6
(Jason: What is the centennial?)
(Molly: What is the bicentennial?)

its 150th (sesquicentennial)

MollyJason
Triple Stumper
    $200 1
(Billy Ray) Cyrus

Jason
    $200 13
french fries

Jason
    $200 11
Pocahontas

Molly
    $200 12
a scowl

Jason
    $200 23
Siamese

Jason
    $400 7
Carson City

Molly
    $400 2
wonderwall

Jason
    $400 14
a baked potato

Cindy
    $400 15
Ceres

Molly
    $400 19
jowl

Jason
    $400 24
Rex

Molly
    $600 8
a bighorn sheep

Cindy
    $600 3
Nirvana

Cindy
    $600 16
cotton candy

Jason
    $600 28
(Jason: Who is Jimi Hendrix?)

Elvis

CindyJason
    $600 20
to prowl

Cindy
    $600 25
(Cindy: What is a Manx?)

a Sphynx

MollyCindy
    $1,200 9
(Cindy: Who is Wynn?)

Howard Hughes

Cindy
    $800 4
Boyz II Men

Jason
    $800 17
a popsicle

Cindy
    $800 29
Bhutan

Triple Stumper
    $800 21
a cowl

Cindy
    $800 26
a Siberian

Molly
    $1000 10
(Jason: Who are the Blue Angels?)
...
(Alex: [*], Air Force, not Navy.)

the Thunderbirds

CindyJason
    $1000 5
Better Than Ezra

Molly
    $1000 18
rarebit

Molly
    $1000 30
(Jason: What is airplane?)
(Alex: No, you have to be more specific than that.)

Jenny

Jason
Triple Stumper
    $1000 22
a fowler

Molly
    $1000 27
a Persian

Molly

Scores at the first commercial break (after clue 13):

Molly Cindy Jason
$1,400 $1,000 $600

Scores at the end of the Jeopardy! Round:

Molly Cindy Jason
$6,600 $3,600 $200

Double Jeopardy! Round responses

THE BONAPARTES
TV & MOVIE SCHOOLS
SWITCH THE FIRST & LAST LETTERS
POETIC WOMEN
AFRICAN COUNTRIES BY CAPITAL
EXIT THROUGH THE GIFT SHOP
    $400 21
Waterloo

Jason
    $400 6
(Jason: What is wizarding and witchcraft?)
[Initially accepted as correct, reversed before Daily Double at clue 13]

wizardry & witchcraft

Jason
Triple Stumper
    $400 16
team (from meat)

Jason
    $400 11
the Library of Congress

Jason
    $400 24
Tunisia

Molly
    $400 1
Battleship

Jason
    $800 22
(Jason: What is France?)

Spain

Jason
Triple Stumper
    $800 7
Welcome Back, Kotter

Molly
    $800 17
deal (from lead)

Molly
    $800 12
(Erica) Jong

Molly
    $800 25
(Jason: What is Somalia?)

Ethiopia

MollyJason
    $800 2
Ted Williams

Jason
    $1200 28
(Jason: Who is Maximilian?)

Napoleon III (Louis-Napoléon)

Jason
Triple Stumper
    $1200 8
Animal House

Jason
    $1200 18
rout (from tour)

Triple Stumper
    $2,000 13
(Molly: Who is Shelley?)
(Alex: No, who is [*]? She went there for her health.)

Elizabeth Barrett Browning

Molly
    $1200 23
Sudan

Jason
    $1200 3
the War of 1812

Cindy
    $1600 29
(Cindy: What is Milan?)

Tuscany

Cindy
Triple Stumper
    $1600 9
(Jason: What is Diff'rent Strokes?)

A Different World

Jason
Triple Stumper
    $1600 19
drag (from grad)

Molly
    $1600 14
Emily Dickinson

Triple Stumper
    $1600 26
Uganda

Triple Stumper
    $1600 4
Athena

Molly
    $2,000 30
Haiti

Molly
    $2000 10
McKinley High

Molly
    $2000 20
thaw (from what)

Molly
    $2000 15
(Cindy: Who is Allende?)

Gabriela Mistral

Cindy
Triple Stumper
    $2000 27
Nigeria

Triple Stumper
    $2000 5
(Cindy: What is marble?)

travertine

Cindy
Triple Stumper

Scores at the end of the Double Jeopardy! Round:

Molly Cindy Jason
$17,400 -$800 $200
(lock game)

[wagering suggestions for these scores]

Final Jeopardy! Round responses

SCIENTISTS
(Alex: [*]--"billions and billions of stars" in the universe.)
JasonWho is Hawking
$200
MollyWho is Dalton?
$2,600
Carl Sagan

Final scores:

Molly Cindy Jason
$14,800 -$800 $0
4-day champion: $53,300 3rd place: $1,000 2nd place: $2,000

Game dynamics:

Coryat scores:

Molly Cindy Jason
$19,400 $400 $200
20 R
(including 1 DD),
2 W
(including 1 DD)
9 R,
5 W
(including 1 DD)
15 R,
9 W

Combined Coryat: $20,000

[game clues] [game scores] [suggest correction]

Game tape date: 2014-02-18
The J! Archive is created by fans, for fans. Scraping, republication, monetization, and malicious use prohibited; this site may use cookies and collect identifying information. See terms. The Jeopardy! game show and all elements thereof, including but not limited to copyright and trademark thereto, are the property of Jeopardy Productions, Inc. and are protected under law. This website is not affiliated with, sponsored by, or operated by Jeopardy Productions, Inc. Join the discussion at JBoard.tv.